书目信息 |
| 题名: |
读论语学做人
|
|
| 作者: | 李清敏 , 李玉君 , 崔爱红 编著 | |
| 分册: | ||
| 出版信息: | 北京 北京工业大学出版社 2009.11 |
|
| 页数: | 247页 | |
| 开本: | 25cm | |
| 丛书名: | ||
| 单 册: | ||
| 中图分类: | B222.25 | |
| 科图分类: | ||
| 主题词: | ||
| 电子资源: | ||
| ISBN: | 978-7-5639-2179-9 | |
| 000 | 00910nam0 2200265 450 | |
| 001 | 012010610325 | |
| 005 | 20100630144518.87 | |
| 009 | 012004415242 | |
| 010 | @a978-7-5639-2179-9@dCNY27.00 | |
| 100 | @a20100515d2009 em y0chiy0110 ea | |
| 101 | 0 | @achi |
| 102 | @aCN@b110000 | |
| 105 | @ay z 000yy | |
| 200 | 1 | @a读论语学做人@Adu lun yu xue zuo ren@f李清敏, 李玉君, 崔爱红编著@Fli qing min,li yu jun,cui ai hong bian zhu |
| 210 | @a北京@c北京工业大学出版社@d2009.11 | |
| 215 | @a247页@d25cm | |
| 330 | @a本书从学习、教育、做人、选材治国等多方面对《论语》进行了解读,并结合实际将《论语》中的道理应用到现实生活中。书中深入剖析了孔子对学习态度、目的和方法的认识。 | |
| 605 | @a论语@x研究 | |
| 606 | @0 | |
| 690 | @aB222.25@v4 | |
| 701 | 0 | @a李清敏@Ali qing min@4编著 |
| 701 | 0 | @a李玉君@Ali yu jun@4编著 |
| 701 | 0 | @a崔爱红@Acui ai hong@4编著 |
| 801 | 0 | @aCN@c20100515 |
| 905 | @dB222.25@eL234@f3 | |
| 读论语学做人/李清敏, 李玉君, 崔爱红编著.-北京:北京工业大学出版社,2009.11 |
| 247页;25cm |
| ISBN 978-7-5639-2179-9:CNY27.00 |
| 本书从学习、教育、做人、选材治国等多方面对《论语》进行了解读,并结合实际将《论语》中的道理应用到现实生活中。书中深入剖析了孔子对学习态度、目的和方法的认识。 |
| ● |
| 相关链接 |
|
|
|
正题名:读论语学做人
索取号:B222.25/L234
 
预约/预借
| 序号 | 登录号 | 条形码 | 馆藏地/架位号 | 状态 | 备注 |
| 1 | 989365 | 209893659 | 社科库509/509社科库 11排2列3层/ [索取号:B222.25/L234] | 在馆 | |
| 2 | 989366 | 209893668 | 社科库509/509社科库 11排2列2层/ [索取号:B222.25/L234] | 在馆 | |
| 3 | 989367 | 209893677 | 社科库509/509社科库 11排2列3层/ [索取号:B222.25/L234] | 在馆 |